|
|
|
|
| LEADER |
00000cam a2200000 a 4500 |
| 001 |
vtls001328579 |
| 003 |
SK-MaSNL |
| 005 |
20260301200359.0 |
| 008 |
240226s1971 xo dkalfr 001 0 slo |
| 015 |
|
|
|a SNBA1971
|
| 020 |
|
|
|q (viazané)
|
| 035 |
|
|
|a SNK000281405
|
| 035 |
|
|
|a 3C41A434-E494-4300-929F-1969D89EE360
|
| 035 |
|
|
|a urn:nbn:sk:snk-am00id2z
|
| 040 |
|
|
|a SNK
|b slo
|c SNK
|e AACR2
|
| 041 |
0 |
|
|a slo
|b eng
|
| 044 |
|
|
|a xo
|c SK
|
| 072 |
|
7 |
|a 159.98
|x Aplikovaná psychológia
|2 konspekt
|
| 072 |
|
7 |
|a 007
|x Teória systémov. Automatické systémy. Kybernetika. Informačné systémy
|2 konspekt
|
| 072 |
|
7 |
|a 331
|x Práca
|2 konspekt
|
| 080 |
|
|
|a 159.98:62
|2 2011
|
| 080 |
|
|
|a 331.101.1
|2 2011
|
| 080 |
|
|
|a 007.51
|2 2011
|
| 080 |
|
|
|a (048.8)
|2 2011
|
| 080 |
|
|
|a 331.101.3
|2 2011
|
| 080 |
|
|
|a 159.9.07
|2 2011
|
| 100 |
1 |
|
|a Stríženec, Michal,
|d 1932-2022
|4 aut
|9 108549
|
| 245 |
1 |
0 |
|a Súčasné tendencie v inžinierskej psychológii
|b (príspevok k systémovej ergonómii)
|c Michal Stríženec
|
| 250 |
|
|
|a 1. vyd.
|
| 260 |
|
|
|a Bratislava
|b Vydavateľstvo Slovenskej akadémie vied
|c 1971
|
| 300 |
|
|
|a 203 strán
|b grafy, ilustrácie, schémy, tabuľky
|c 20 cm
|
| 366 |
|
|
|e 2000 kusov
|
| 500 |
|
|
|a Vysvetlivky
|
| 504 |
|
|
|a Bibliografia na strane 180-190 ; bibliografické odkazy, menný a vecný register
|
| 546 |
|
|
|a Anglické resumé
|
| 650 |
0 |
7 |
|a inžinierska psychológia
|2 SNKPH
|9 85278
|
| 650 |
0 |
7 |
|a ergonómia
|2 SNKPH
|9 19132
|
| 650 |
0 |
7 |
|a systémy človek-stroj
|2 SNKPH
|9 90122
|
| 650 |
0 |
7 |
|a psychológia práce
|2 SNKPH
|9 2347
|
| 650 |
0 |
7 |
|a experimentálna psychológia
|2 SNKPH
|9 67689
|
| 650 |
0 |
7 |
|a Engineering psychology
|2 SNKPH
|9 554771
|
| 650 |
0 |
7 |
|a Human engineering
|2 SNKPHeng
|9 300387
|
| 650 |
0 |
7 |
|a Psychology of work
|2 SNKPHeng
|9 317579
|
| 650 |
0 |
7 |
|a Human-machine systems
|2 SNKPHeng
|9 341584
|
| 650 |
0 |
7 |
|a Experimental psychology
|2 SNKPHeng
|9 356242
|
| 655 |
|
7 |
|a monografie
|2 SNKPH
|9 70139
|
| 655 |
|
7 |
|a štúdie
|2 SNKPH
|9 57033
|
| 655 |
|
7 |
|a Studies
|2 SNKPHeng
|9 265573
|
| 655 |
|
7 |
|a Monographs
|2 SNKPHeng
|9 120675
|
| 852 |
|
|
|a Slovenská národná knižnica
|
| 954 |
|
|
|a odborná, vedecká literatúra pôvodná (slovenská)
|2 lita
|
| 958 |
|
|
|a RK
|
| 958 |
|
|
|a TL
|
| 958 |
|
|
|a OND
|
| 958 |
|
|
|a NB
|
| 958 |
|
|
|a EUIPO
|
| 999 |
|
|
|c 890227
|d 892157
|
| 952 |
|
|
|a SNK
|b SNK
|y PREZ
|7 0
|p 17A0938214
|o snkSC 28308
|i snkKSP 8524/71
|0 0
|1 0
|4 0
|d 2012-09-23
|f 1
|l 0
|r 2025-09-11 00:00:00
|w 2026-02-24
|
| 952 |
|
|
|t P60, <04>, [BOOK], {604}
|a SNK
|b SNK
|y VYP
|7 0
|p 17A0136168
|o snkSC 28308 D1
|0 0
|1 0
|4 0
|d 1998-04-22
|l 0
|r 2005-01-02 00:00:00
|w 2026-02-24
|